Primeres jornades de manteniment de centres docents públics : 11 i 18 de desembre de 2001 11 i 18 de desembre de 2001
Descripción Física:
97 pàgines : 30 cm
Materias:
Escoles -- Barcelona (Província) -- Manteniment i reparació
; Escoles -- Barcelona (Província) -- Dret i legislació
; Congressos i conferències
Idioma:
Catalán
MARC
| LEADER | 00000nam a2200000 a 4500 | ||
|---|---|---|---|
| 001 | 26706 | ||
| 008 | 220906s2001 spa||||| |||| 00| 0 cat d | ||
| 080 | |a Bib-937 | ||
| 111 | |9 54376 |a Jornades de manteniment de centres docents públics |n (1es : |d 2001 : |c Barcelona, Catalunya) | ||
| 245 | 1 | 2 | |a Primeres jornades de manteniment de centres docents públics : |b 11 i 18 de desembre de 2001 |
| 260 | |a Barcelona : |b Diputació de Barcelona. Àrea d'Educació, |c 2001 | ||
| 300 | |a 97 pàgines : |c 30 cm | ||
| 500 | |a Actes de les Primeres jornades de manteniment de centres docents públics, celebrades l'11 i 18 de desembre de 2001. | ||
| 650 | 0 | |a Escoles |9 54374 |z Barcelona (Província) |x Manteniment i reparació | |
| 650 | 0 | |a Escoles |9 54375 |z Barcelona (Província) |x Dret i legislació | |
| 650 | 0 | |a Congressos i conferències |9 48301 | |
| 710 | |9 8009 |a Barcelona (Catalunya : Província). |b Àrea d'Educació | ||
| 942 | |2 udc |c ARXIU |n 1 | ||
| 952 | |0 0 |1 0 |4 0 |6 BIB937 |7 1 |9 63785 |a Arxiu |b Arxiu |d 2022-09-06 |l 0 |o Bib-937 |p 26706 |r 2022-09-06 00:00:00 |w 2022-09-06 |y ARXIU | ||
| 999 | |c 82640 |d 82640 | ||